A Textbook of Jurisprudence / (Record no. 178371)
[ view plain ]
| 000 -LEADER | |
|---|---|
| fixed length control field | 00820 a2200229 4500 |
| 003 - CONTROL NUMBER IDENTIFIER | |
| control field | Nust |
| 005 - DATE AND TIME OF LATEST TRANSACTION | |
| control field | 20230306132155.0 |
| 010 ## - LIBRARY OF CONGRESS CONTROL NUMBER | |
| LC control number | 73158048 |
| 020 ## - INTERNATIONAL STANDARD BOOK NUMBER | |
| International Standard Book Number | 0195670655 |
| 040 ## - CATALOGING SOURCE | |
| Transcribing agency | Nust |
| 082 00 - DEWEY DECIMAL CLASSIFICATION NUMBER | |
| Classification number | 340.1,PAT |
| 100 1# - MAIN ENTRY--PERSONAL NAME | |
| Personal name | Paton, G. W. |
| 9 (RLIN) | 109883 |
| 245 12 - TITLE STATEMENT | |
| Title | A Textbook of Jurisprudence / |
| 250 ## - EDITION STATEMENT | |
| Edition statement | 4th ed., |
| Remainder of edition statement | edited by G. W. Paton and David P. Derham. |
| 260 ## - PUBLICATION, DISTRIBUTION, ETC. | |
| Place of publication, distribution, etc. | Oxford, |
| Name of publisher, distributor, etc. | Clarendon Press, |
| Date of publication, distribution, etc. | 1972. |
| 300 ## - PHYSICAL DESCRIPTION | |
| Extent | xvii, 659 p. |
| Dimensions | 23 cm. |
| 505 ## - FORMATTED CONTENTS NOTE | |
| Formatted contents note | Introduction (Page-1), The Purpose of Law (Page-99), Source of Law (Page-188), The Techniques of The Law (Page-270), Public Law (Page-326), Private Law (Page-391). |
| 650 #0 - SUBJECT ADDED ENTRY--TOPICAL TERM | |
| Topical term or geographic name entry element | Jurisprudence. |
| 700 1# - ADDED ENTRY--PERSONAL NAME | |
| Personal name | Derham, David P., |
| 9 (RLIN) | 88805 |
| 856 42 - ELECTRONIC LOCATION AND ACCESS | |
| Materials specified | Publisher description |
| Uniform Resource Identifier | <a href="http://www.loc.gov/catdir/enhancements/fy0636/73158048-d.html">http://www.loc.gov/catdir/enhancements/fy0636/73158048-d.html</a> |
| 942 ## - ADDED ENTRY ELEMENTS (KOHA) | |
| Source of classification or shelving scheme | |
| Koha item type | Book |
| Withdrawn status | Lost status | Source of classification or shelving scheme | Damaged status | Not for loan | Permanent Location | Current Location | Shelving location | Date acquired | Full call number | Barcode | Date last seen | Price effective from | Koha item type | Public note |
|---|---|---|---|---|---|---|---|---|---|---|---|---|---|---|
| Military College of Signals (MCS) | Military College of Signals (MCS) | General Stacks | 12/12/2016 | 340.1,PAT | MCS33593 | 12/08/2016 | 12/12/2016 | Book | Almirah No.73, Shelf No.4 |
